La construcción del éxito y del fracaso escolar : hacia un análisis del éxito, del fracaso y de las desigualdades como realidades construidas por el sistema escolar /
Guardado en:
| Autor Principal: | |
|---|---|
| Formato: | Libro |
| Publicado: |
Barcelona :
Morata,
1996
|
| Edición: | 2a. ed. |
| Series: | Educación crítica
|
| Materias: | |
| Etiquetas: |
Agregar Etiqueta
Sin Etiquetas, Sea el primero en etiquetar este registro!
|
| LEADER | 01321nam a22002295a 4500 | ||
|---|---|---|---|
| 001 | CEM.cems010289 | ||
| 005 | 20080526110040.0 | ||
| 008 | 130507s1996##################000#0#####d | ||
| 003 | CEMS | ||
| 020 | |a 8471123460 | ||
| 082 | 0 | 4 | |a 371.28 |
| 100 | 1 | |a Perrenoud, Philippe | |
| 245 | 1 | 0 | |a La construcción del éxito y del fracaso escolar : |b hacia un análisis del éxito, del fracaso y de las desigualdades como realidades construidas por el sistema escolar / |c Philippe Perrenoud |
| 250 | |a 2a. ed. | ||
| 260 | |a Barcelona : |b Morata, |c 1996 | ||
| 300 | |a 302 p. | ||
| 490 | 0 | |a Educación crítica | |
| 505 | 0 | |a La excelencia escolar, una realidad fabricada -- Jerarquías de excelencia y desigualdades de capital cultural -- La escolarización de la excelencia -- La imagen de la excelencia escolar en el curriculum formal -- La evaluación formal de la excelencia escolar -- Evaluación y progresión en el ciclo -- Cuando la excelencia constituye verdaderamente la norma -- El curriculum real y el trabajo escolar -- De la evaluación intuitiva a la evaluación formal: en qué consiste la excelencia escolar -- De las desigualdades reales a la fabricación de la excelencia | |
| 653 | |a Educación | ||
| 653 | |a Fracaso escolar | ||
| 653 | |a Exito escolar | ||
| 859 | |a CEMS |b BIB. CEMS - 11 de abril |h 371.28 |i P417a2 |p 20849.00 |t Ej.1 | ||
